[Event "ch-CUB"]
[Site "Holguin City CUB"]
[Date "2002.04.14"]
[Round "13"]
[White "Almeida,O"]
[Black "Borges Mateos,J"]
[Result "1-0"]
[WhiteElo "2473"]
[BlackElo "2438"]
[EventDate "2002.03.31"]

1. d4 d5 2. c4 dxc4 3. Nf3 Nf6 4. e3 a6 5. Bxc4 e6 6. O-O c5 7. Bb3 b5 8.
a4 b4 9. Nbd2 Bb7 10. e4 cxd4 11. e5 Nfd7 12. Nc4 Nc6 13. Bg5 Qc7 14. Rc1
h6 15. Bf4 Nc5 16. Re1 Rd8 17. Nd6+ Bxd6 18. exd6 Qb6 19. Nxd4 Nxb3 20.
Nxb3 Ne7 21. dxe7 Rxd1 22. Rexd1 e5 23. Bxe5 Qg6 24. f3 Bxf3 25. Rd2 Qe4
26. Bd4 Bg4 27. Bc5 Bd7 28. Rcd1 Qc6 29. Rxd7 Qxd7 30. Rxd7 Kxd7 31. Bxb4
Ra8 32. a5 Ke8 33. Nd4 g6 34. Bc5 Kd7 35. b4 1-0

[Event "ch-CUB"]
[Site "Holguin City CUB"]
[Date "2002.04.14"]
[Round "13"]
[White "Abreu,A"]
[Black "Perez,Rod"]
[Result "1/2-1/2"]
[WhiteElo "2480"]
[BlackElo "2429"]
[EventDate "2002.03.31"]

1. e4 e6 2. d4 d5 3. Nc3 dxe4 4. Nxe4 Be7 5. Nf3 Nf6 6. Bd3 Nbd7 7. O-O
Nxe4 8. Bxe4 c5 9. c3 O-O 10. Bc2 Nf6 11. dxc5 Qxd1 12. Rxd1 Bxc5 13. Ne5
Be7 14. c4 Rd8 15. Bg5 h6 16. Rxd8+ Bxd8 17. Rd1 Bc7 18. Bc1 b6 19. b3 Bb7
20. Bb2 Rd8 21. Rxd8+ Bxd8 22. f3 g5 23. Kf2 Be7 24. Bd4 Kf8 25. a4 Bc5 26.
Ke3 Ke7 27. Bd3 Bd6 28. h3 1/2-1/2

[Event "ch-CUB"]
[Site "Holguin City CUB"]
[Date "2002.04.14"]
[Round "13"]
[White "Gonzalez,Y"]
[Black "Vera,R"]
[Result "0-1"]
[WhiteElo "2444"]
[BlackElo "2534"]
[EventDate "2002.03.31"]

1. e4 c5 2. Nf3 d6 3. d4 cxd4 4. Nxd4 Nf6 5. Nc3 a6 6. Be3 e5 7. Nb3 Be6 8.
f3 Nbd7 9. g4 b5 10. g5 b4 11. Ne2 Nh5 12. Qd2 a5 13. Ng3 Nxg3 14. hxg3 a4
15. Nc1 Qa5 16. Nd3 d5 17. exd5 Bxd5 18. Bh3 Rd8 19. Bxd7+ Rxd7 20. Nxe5
Rd8 21. O-O-O Be7 22. Qe2 b3 23. a3 Rc8 24. Rd2 Be6 25. Bf4 Bxa3 26. bxa3
Qc5 27. c4 Qxa3+ 28. Kb1 Bf5+ 29. Nd3+ Kf8 30. Be5 Rd8 31. Rhd1 Re8 32. f4
h5 33. Qf2 Rd8 34. c5 Kg8 35. Bd6 b2 36. Qf1 Qa1+ 37. Kc2 Qa2 38. Kc3 Qa3+
39. Kd4 Kh7 40. Nxb2 Rhe8 41. Nc4 Re4+ 42. Kd5 Qb3 43. Rb2 Qc3 44. g4 Rxc4
45. gxf5 Rxc5+ 46. Ke4 Rc4+ 47. Kd5 Rc5+ 48. Ke4 Re8+ 49. Be5 Rexe5+ 50.
fxe5 Rxe5+ 0-1

[Event "ch-CUB"]
[Site "Holguin City CUB"]
[Date "2002.04.14"]
[Round "13"]
[White "Quezada,Y"]
[Black "De la Paz,F"]
[Result "0-1"]
[WhiteElo "2411"]
[BlackElo "2427"]
[EventDate "2002.03.31"]

1. e4 e5 2. Nf3 Nc6 3. Bb5 a6 4. Ba4 Nf6 5. O-O Be7 6. Qe2 b5 7. Bb3 O-O 8.
c3 d6 9. Rd1 Na5 10. Bc2 c5 11. d3 Nc6 12. Nbd2 Re8 13. Nf1 h6 14. h3 Bf8
15. N3h2 d5 16. exd5 Nxd5 17. Qf3 Be6 18. Re1 Qc7 19. Ng3 Rad8 20. Ng4 Kh8
21. Bd2 Nf4 22. Bxf4 exf4 23. Nh5 f5 24. Nh2 Bd5 25. Qxf4 Bd6 26. Rxe8+
Rxe8 27. Qxf5 Bxh2+ 28. Kh1 Qf7 29. d4 Qxf5 30. Bxf5 Bd6 31. dxc5 Bxc5 32.
Nf4 Rd8 33. b4 Bf8 34. a4 Ne7 35. Be6 Bxe6 36. Nxe6 Rb8 37. Nc7 Rc8 38.
Nxa6 bxa4 39. Rxa4 Nd5 40. Ra1 Rxc3 41. Rb1 Kg8 42. Rb2 Kf7 43. g3 Rc6 44.
b5 Rb6 45. Kg2 Bd6 46. Rb3 Ke6 47. f4 Ne7 48. Kf3 Nd5 49. Ke4 Rxb5 50. f5+
Ke7 0-1

[Event "ch-CUB"]
[Site "Holguin City CUB"]
[Date "2002.04.14"]
[Round "13"]
[White "Alvarez,Jose"]
[Black "Vazquez,R"]
[Result "1/2-1/2"]
[WhiteElo "2403"]
[BlackElo "2442"]
[EventDate "2002.03.31"]

1. e4 e5 2. Nf3 Nf6 3. Nxe5 d6 4. Nf3 Nxe4 5. d3 Nf6 6. Be2 Be7 7. O-O O-O
8. Nc3 Nc6 9. d4 d5 10. Be3 Be6 1/2-1/2

[Event "ch-CUB"]
[Site "Holguin City CUB"]
[Date "2002.04.14"]
[Round "13"]
[White "Gomez,Fe"]
[Black "Herrera,I"]
[Result "1-0"]
[WhiteElo "2406"]
[BlackElo "2474"]
[EventDate "2002.03.31"]

1. c4 c5 2. Nc3 Nc6 3. g3 e5 4. Bg2 g6 5. d3 d6 6. e3 Bg7 7. Nge2 Nge7 8.
O-O O-O 9. Nd5 Nxd5 10. cxd5 Ne7 11. Bd2 b5 12. b4 cxb4 13. Bxb4 a5 14. Bc3
b4 15. Bb2 a4 16. Rb1 Bd7 17. d4 Rb8 18. dxe5 dxe5 19. Qd2 Bb5 20. Rfd1 Qd6
21. g4 f5 22. Ng3 Bc4 23. Ba1 b3 24. gxf5 gxf5 25. Rdc1 Rfc8 26. f4 b2 27.
Bxb2 Rxb2 28. Qxb2 exf4 29. Qf2 fxg3 30. Qxg3 Qxg3 31. hxg3 Bxa2 1-0

[Event "ch-CUB"]
[Site "Holguin City CUB"]
[Date "2002.04.16"]
[Round "14"]
[White "Bruzon,L"]
[Black "Gongora,M"]
[Result "1/2-1/2"]
[WhiteElo "2569"]
[BlackElo "2408"]
[EventDate "2002.03.31"]

1. e4 c5 2. Nf3 Nc6 3. Bb5 e6 4. O-O Nge7 5. c3 a6 6. Ba4 b5 7. Bc2 c4 8.
b3 d5 9. Re1 cxb3 10. axb3 d4 11. Na3 Bb7 12. Qe2 Ng6 13. e5 Bc5 14. Be4
Qb6 15. b4 Be7 16. Nc2 dxc3 17. dxc3 O-O 18. Ncd4 Nxd4 19. Nxd4 Rfc8 20.
Bd2 Bxe4 21. Qxe4 Bf8 22. Re3 Ra7 23. Rd3 Qc7 24. Nf3 h6 25. h4 Rd8 26.
Rxd8 Qxd8 27. Be3 Ra8 28. Nd4 Ne7 29. Nxb5 Nd5 30. Nd6 Nxc3 31. Qb7 Bxd6
32. exd6 Nd5 33. Bc5 Rb8 34. Qxa6 Nxb4 35. Bxb4 Rxb4 36. Rc1 Rb8 37. Qc6
Kh7 38. Qe4+ Kg8 39. Qd4 Rb7 40. Rc6 Rd7 41. Qc5 Kh7 42. Rc8 Qxh4 43. Rc7
Rd8 44. Rxf7 Qg4 45. Qc2+ Kg8 46. Rc7 Qd4 47. Rd7 Ra8 48. Qb3 Qe5 49. Qg3
Ra1+ 50. Kh2 Qh5+ 51. Qh3 Qe5+ 52. Qg3 Qh5+ 53. Qh3 Qe5+ 54. Qg3 Qh5+
1/2-1/2

[Event "ch-CUB"]
[Site "Holguin City CUB"]
[Date "2002.04.16"]
[Round "14"]
[White "Vazquez,R"]
[Black "Gomez,Fe"]
[Result "1/2-1/2"]
[WhiteElo "2442"]
[BlackElo "2406"]
[EventDate "2002.03.31"]

1. e4 e5 2. Nf3 Nc6 3. Bb5 f5 4. d3 fxe4 5. dxe4 Nf6 6. O-O Bc5 7. Qe2 Qe7
8. Nc3 Nd4 9. Nxd4 Bxd4 10. Nd5 Nxd5 11. exd5 O-O 12. c3 Bb6 13. Be3 d6 14.
Bxb6 axb6 15. f4 Bf5 16. a4 Rac8 17. Rae1 c6 18. Bc4 cxd5 19. Bxd5+ Be6 20.
Bxe6+ Qxe6 21. fxe5 Rxf1+ 22. Kxf1 Rf8+ 23. Kg1 Re8 24. Qe4 dxe5 25. Qxb7
e4 26. Qa6 e3 27. Qd3 e2 28. h3 h6 29. b4 Qe5 30. Qd4 Qxd4+ 31. cxd4 Re4
32. a5 Rxd4 33. Rxe2 Rxb4 1/2-1/2

[Event "ch-CUB"]
[Site "Holguin City CUB"]
[Date "2002.04.16"]
[Round "14"]
[White "Vera,R"]
[Black "Quezada,Y"]
[Result "1/2-1/2"]
[WhiteElo "2534"]
[BlackElo "2411"]
[EventDate "2002.03.31"]

1. d4 Nf6 2. c4 c5 3. d5 e6 4. Nc3 exd5 5. cxd5 d6 6. e4 g6 7. f3 Bg7 8.
Nge2 O-O 9. Ng3 a6 10. a4 Nbd7 11. Be2 h5 12. Bg5 Qb6 13. Qd2 Nh7 14. a5
Qc7 15. Bh6 b5 16. axb6 Qxb6 17. Bxg7 Kxg7 18. O-O Rb8 19. Nd1 Re8 20. Rf2
Ne5 21. f4 h4 22. Nh5+ gxh5 23. fxe5 Rxe5 24. Qf4 Qa7 25. Ne3 Qe7 26. Nc4
Rxe4 27. Qxf7+ Qxf7 28. Rxf7+ Kxf7 29. Nxd6+ Kg6 30. Nxe4 Rxb2 31. Bd3 Kg7
32. Nd6 Bd7 33. Re1 Nf8 34. Re7+ Kh6 35. Rf7 Rb8 36. Bxa6 Rb6 37. Rf6+ Kh7
38. Bd3+ Kg8 39. Ne4 Rxf6 40. Nxf6+ Kf7 41. Nxh5 Ng6 42. Kf2 Ne5 43. Be2
Kg6 44. Ke3 Kf5 45. g3 hxg3 46. Nxg3+ Kg6 47. Ne4 c4 48. Kd4 Kf5 49. Nd6+
Kf4 50. Nxc4 Nxc4 51. Bxc4 Kf5 52. Ba6 Kf6 53. Bb7 Bh3 54. Bc6 Bg2 55. Kc5
Bxd5 1/2-1/2

[Event "ch-CUB"]
[Site "Holguin City CUB"]
[Date "2002.04.16"]
[Round "14"]
[White "Perez,Rod"]
[Black "Gonzalez,Y"]
[Result "0-1"]
[WhiteElo "2429"]
[BlackElo "2444"]
[EventDate "2002.03.31"]

1. e4 c5 2. Nf3 d6 3. d4 cxd4 4. Nxd4 Nf6 5. Nc3 g6 6. Be3 Bg7 7. f3 O-O 8.
Qd2 Nc6 9. Bc4 Bd7 10. O-O-O Ne5 11. Bb3 Rc8 12. Kb1 Re8 13. Bh6 Bh8 14. h4
Nc4 15. Bxc4 Rxc4 16. Nde2 b5 17. h5 b4 18. Nd5 Nxd5 19. hxg6 hxg6 20. Qxd5
Be6 21. Qd3 Qa5 22. b3 Rec8 23. Bc1 Bg7 24. Rd2 Qe5 25. c3 bxc3 26. Rc2 Rb4
27. Bh6 Bxb3 28. axb3 Rxb3+ 29. Kc1 Bxh6+ 30. Rxh6 Qg5+ 0-1

[Event "ch-CUB"]
[Site "Holguin City CUB"]
[Date "2002.04.16"]
[Round "14"]
[White "Arencibia,W"]
[Black "Almeida,O"]
[Result "1/2-1/2"]
[WhiteElo "2542"]
[BlackElo "2473"]
[EventDate "2002.03.31"]

1. d4 d5 2. c4 Nc6 3. cxd5 Qxd5 4. e3 e5 5. Nc3 Bb4 6. Bd2 Bxc3 7. bxc3 Nf6
8. f3 exd4 9. cxd4 O-O 10. Bd3 Bf5 11. Bxf5 Qxf5 12. Ne2 Rfe8 13. O-O Rad8
14. Qb1 Qc8 15. Qb2 Nd5 16. e4 Nb6 17. Bg5 f6 18. Bh4 Qd7 19. Rfd1 Ne7 20.
a4 Ng6 21. Bg3 c6 22. Qb3+ Kh8 23. Nc3 Nc8 24. Rac1 b6 25. d5 Qf7 26. Qb1
cxd5 27. exd5 f5 28. Qb4 f4 29. Bf2 Nd6 30. Re1 Ne5 31. Rcd1 Nec4 32. Rxe8+
Qxe8 33. Rd4 Ne5 34. Rd1 Nec4 35. Rd4 Ne5 36. Rd1 Nec4 37. Re1 Qf7 38. Nb5
Qxd5 39. Nxd6 Nxd6 40. Qxf4 Kg8 41. h3 Rf8 42. Qc1 Qc4 43. Qd2 Rd8 44. Re4
Qc8 45. Qd5+ Nf7 46. Rc4 Qb8 47. Qe6 Qe5 48. Qxe5 Nxe5 49. Re4 Rd1+ 50. Kh2
Nd3 51. Bh4 Kf8 52. Re7 Nf4 53. Rxa7 Rd2 54. Be7+ Ke8 55. Kg3 Ne2+ 56. Kf2
Nc3+ 57. Kg3 Ne2+ 58. Kg4 Nd4 59. Bb4 Rxg2+ 60. Kf4 Nc6 61. Ra8+ Kd7 62.
Bf8 g5+ 63. Ke4 1/2-1/2

[Event "ch-CUB"]
[Site "Holguin City CUB"]
[Date "2002.04.16"]
[Round "14"]
[White "Dominguez,L"]
[Black "Nogueiras,J"]
[Result "1/2-1/2"]
[WhiteElo "2594"]
[BlackElo "2521"]
[EventDate "2002.03.31"]

1. e4 Nf6 2. e5 Nd5 3. d4 d6 4. Nf3 g6 5. Bc4 c6 6. O-O Bg7 7. exd6 Qxd6 8.
Re1 Bg4 9. Nc3 O-O 10. h3 Bxf3 11. Qxf3 e6 12. Ne4 Qb4 13. Nd2 Nd7 14. c3
Qb6 15. Bb3 a5 16. Bc2 Qc7 17. Nf1 e5 18. dxe5 Nxe5 19. Qg3 Rfe8 20. Rd1
Nf6 21. Qh4 Nh5 22. Ng3 Bf6 23. Bg5 Bxg5 24. Qxg5 Nxg3 25. Qxg3 Qb6 26. b3
Re7 27. Rd4 Rae8 28. Rad1 Kg7 29. Kh2 Qc7 30. Rh4 c5 31. Re4 f5 32. Rh4 Nf7
33. Qxc7 Rxc7 34. Rd2 b5 1/2-1/2

[Event "ch-CUB"]
[Site "Holguin City CUB"]
[Date "2002.04.17"]
[Round "15"]
[White "Almeida,O"]
[Black "Dominguez,L"]
[Result "0-1"]
[WhiteElo "2473"]
[BlackElo "2594"]
[EventDate "2002.03.31"]

1. d4 d5 2. c4 c6 3. Nf3 Nf6 4. Nc3 e6 5. Bg5 dxc4 6. e4 b5 7. e5 h6 8. Bh4
g5 9. Nxg5 hxg5 10. Bxg5 Nbd7 11. exf6 Bb7 12. g3 Qc7 13. Bg2 c5 14. d5 b4
15. O-O bxc3 16. dxe6 fxe6 17. Qe2 Kf7 18. Rfe1 Re8 19. Bxb7 Qxb7 20. bxc3
Bd6 21. f4 Nxf6 22. Rad1 Qc6 23. Qxc4 Bc7 24. Rd2 Rd8 25. Rxd8 Bxd8 26. f5
Re8 27. Rd1 Be7 28. Re1 Qd5 29. fxe6+ Kg6 30. Qxd5 Nxd5 31. Bxe7 Nxe7 32.
Rd1 Kf5 33. Rd7 Ke4 34. Rxa7 Kd3 35. a4 Kxc3 36. a5 Nd5 37. Rd7 Kd4 38. e7
c4 39. Kf2 Kc5 40. h4 Nxe7 41. Rd1 c3 42. a6 Kc4 43. h5 c2 44. Rc1 Kd3 45.
g4 Ra8 46. Re1 Rf8+ 47. Kg3 Kd2 48. Ra1 Ra8 49. a7 c1=Q 50. Rxc1 Kxc1 51.
Kh4 Rxa7 52. h6 Ra6 53. Kh5 Ng6 0-1

[Event "ch-CUB"]
[Site "Holguin City CUB"]
[Date "2002.04.17"]
[Round "15"]
[White "Abreu,A"]
[Black "Arencibia,W"]
[Result "1-0"]
[WhiteElo "2480"]
[BlackElo "2542"]
[EventDate "2002.03.31"]

1. e4 e5 2. Nf3 Nc6 3. Bc4 Bc5 4. c3 Nf6 5. d3 d6 6. Nbd2 a6 7. Bb3 b5 8.
Nf1 Bb7 9. Ng3 Qd7 10. O-O h6 11. a4 Bb6 12. axb5 axb5 13. Rxa8+ Bxa8 14.
h3 Ne7 15. Nh4 g5 16. Qf3 Nfd5 17. Nhf5 Nxf5 18. exf5 Qc6 19. Ne4 Ne7 20.
Qh5 Rf8 21. Qxh6 Nxf5 22. Qxg5 Ne7 23. Nf6+ Kd8 24. Qg7 Ng6 25. Bd5 Qxd5
26. Nxd5 Bxd5 27. Be3 c5 28. h4 Rh8 29. Bh6 1-0

[Event "ch-CUB"]
[Site "Holguin City CUB"]
[Date "2002.04.17"]
[Round "15"]
[White "Gonzalez,Y"]
[Black "Borges Mateos,J"]
[Result "1/2-1/2"]
[WhiteElo "2444"]
[BlackElo "2438"]
[EventDate "2002.03.31"]

1. e4 c5 2. Nf3 e6 3. d4 cxd4 4. Nxd4 Nc6 5. Nc3 Qc7 6. Be2 Nf6 7. O-O a6
8. a3 Be7 9. Be3 O-O 10. f4 d6 11. Qe1 1/2-1/2

[Event "ch-CUB"]
[Site "Holguin City CUB"]
[Date "2002.04.17"]
[Round "15"]
[White "Quezada,Y"]
[Black "Perez,Rod"]
[Result "1/2-1/2"]
[WhiteElo "2411"]
[BlackElo "2429"]
[EventDate "2002.03.31"]

1. Nf3 c5 2. g3 Nc6 3. Bg2 g6 4. O-O Bg7 5. d3 e5 6. e4 Nge7 7. c3 O-O 8.
a3 a5 9. a4 d6 10. Na3 Be6 11. Ng5 Bc8 12. Nc4 h6 13. Nf3 Be6 14. Qe2 Qc7
15. Rd1 b6 16. Na3 Rae8 17. Nb5 Qb8 18. d4 Na7 19. Nxa7 Qxa7 20. dxe5 dxe5
21. Be3 Rd8 22. Nd2 Rd7 23. Nc4 Rfd8 24. Rxd7 Rxd7 25. Rf1 Nc8 1/2-1/2

[Event "ch-CUB"]
[Site "Holguin City CUB"]
[Date "2002.04.17"]
[Round "15"]
[White "Alvarez,Jose"]
[Black "Vera,R"]
[Result "1/2-1/2"]
[WhiteElo "2403"]
[BlackElo "2534"]
[EventDate "2002.03.31"]

1. Nf3 d5 2. g3 Bg4 3. Bg2 Nd7 4. O-O c6 5. d3 e6 6. e4 Bd6 7. Nbd2 Ne7 8.
h3 Bh5 9. Qe1 O-O 10. Nh4 Qc7 11. d4 f6 12. c4 c5 13. cxd5 exd5 14. exd5
Nb6 15. Ne4 Nbxd5 1/2-1/2

[Event "ch-CUB"]
[Site "Holguin City CUB"]
[Date "2002.04.17"]
[Round "15"]
[White "Gongora,M"]
[Black "Herrera,I"]
[Result "1/2-1/2"]
[WhiteElo "2408"]
[BlackElo "2474"]
[EventDate "2002.03.31"]

1. e4 c5 2. Nf3 d6 3. d4 cxd4 4. Nxd4 Nf6 5. Nc3 a6 6. Be3 e5 7. Nb3 Be6 8.
f3 Nbd7 9. Qd2 b5 10. a4 b4 11. Nd5 Bxd5 12. exd5 Nb6 13. Bxb6 Qxb6 14. a5
Qb7 15. Bc4 g6 16. Ra4 Rb8 17. Nc1 h5 18. Na2 Bh6 19. Qd3 O-O 20. Bxa6 Qa7
21. Bb5 e4 22. fxe4 Ng4 23. Rf1 Ne5 24. Qe2 b3 25. cxb3 Rxb5 26. Qxb5 Rb8
27. Qe2 Rxb3 28. Ra3 Rxa3 29. bxa3 Qxa5+ 30. Kf2 Qa7+ 31. Kg3 Qxa3+ 32. Kh4
Qa7 33. Nb4 Qe7+ 34. Kh3 Ng4 35. Nc6 Qd7 36. Kg3 Bg5 37. Rh1 h4+ 38. Kf3
Ne3 39. h3 f5 40. Qd3 fxe4+ 41. Qxe4 Qf7+ 42. Ke2 Nxd5 43. Ke1 Nc3 44. Qf3
Qe6+ 45. Kf1 Ne4 46. Kg1 Ng3 47. Kh2 Nxh1 48. Kxh1 Kg7 49. Qd1 Bf6 50. Nb4
Be5 51. Nd5 Bg3 52. Qa1+ Qe5 53. Qxe5+ Bxe5 54. Kg1 Kf7 55. Kf2 Ke6 56. Nb4
d5 57. Ke3 Bc3 58. Nd3 g5 59. Nc5+ Kf5 60. Nd3 d4+ 61. Kf3 Bd2 62. Nc5 Bb4
63. Nd3 Bd6 64. Nb2 Bf4 65. Nd3 Be3 66. Nb2 Ke5 1/2-1/2

[Event "ch-CUB"]
[Site "Holguin City CUB"]
[Date "2002.04.18"]
[Round "16"]
[White "Bruzon,L"]
[Black "Herrera,I"]
[Result "1-0"]
[WhiteElo "2569"]
[BlackElo "2474"]
[EventDate "2002.03.31"]

1. e4 c5 2. Nf3 d6 3. d4 cxd4 4. Nxd4 Nf6 5. Nc3 a6 6. Be3 e5 7. Nf3 Qc7 8.
a4 Be7 9. a5 Nbd7 10. Be2 O-O 11. O-O b5 12. axb6 Nxb6 13. Qd3 g6 14. Nd2
Bb7 15. Bxb6 Qxb6 16. Nc4 Qc5 17. Na5 Bc8 18. Qc4 Qxc4 19. Bxc4 Be6 20. Nd5
Bd8 21. Nxf6+ Bxf6 22. Rfd1 Rfc8 23. Bxe6 fxe6 24. Rxd6 Rxc2 25. Rxe6 Rf8
26. f3 Rb8 27. b3 Bg5 28. Rd1 Be3+ 29. Kh1 Bd4 30. h4 Rb5 31. Nc4 Ra2 32.
f4 Rxb3 33. Nxe5 Bxe5 34. Rxe5 Rb7 35. f5 Rf2 36. h5 gxf5 37. exf5 Kg7 38.
Rd6 1-0

[Event "ch-CUB"]
[Site "Holguin City CUB"]
[Date "2002.04.18"]
[Round "16"]
[White "De la Paz,F"]
[Black "Delgado,N"]
[Result "0-1"]
[WhiteElo "2427"]
[BlackElo "2506"]
[EventDate "2002.03.31"]

1. e4 e5 2. Bc4 Nf6 3. d3 c6 4. Nf3 d5 5. Bb3 Bb4+ 6. c3 Bd6 7. O-O O-O 8.
Re1 dxe4 9. dxe4 Na6 10. Nbd2 Qe7 11. Nc4 Bc7 12. Bc2 b5 13. Ne3 Nc5 14.
Nf5 Bxf5 15. exf5 Rad8 16. Qe2 e4 17. Nd4 Qd6 18. g3 Nd3 19. Bxd3 exd3 20.
Qf3 c5 21. Bf4 Qd7 22. Bxc7 Qxc7 23. Nxb5 Qb6 24. c4 a6 25. Nc3 Qxb2 26.
Rec1 Qb4 27. Nd1 Qe1+ 28. Kg2 Qe5 29. Ne3 d2 30. Rd1 Rd3 31. Rab1 Ne4 32.
Qe2 Rfd8 33. Nd5 R8xd5 34. cxd5 Qxd5 35. f3 Nc3 0-1

[Event "ch-CUB"]
[Site "Holguin City CUB"]
[Date "2002.04.18"]
[Round "16"]
[White "Vera,R"]
[Black "Gomez,Fe"]
[Result "1/2-1/2"]
[WhiteElo "2534"]
[BlackElo "2406"]
[EventDate "2002.03.31"]

1. Nf3 Nf6 2. c4 d6 3. d4 Nbd7 4. Nc3 e5 5. e4 Be7 6. Be2 O-O 7. O-O c6 8.
Be3 a6 9. d5 cxd5 10. cxd5 b5 11. Nd2 Nb6 12. a4 bxa4 13. Nxa4 Nfd7 14.
Nxb6 Nxb6 15. Qb3 Nd7 16. Nc4 g6 17. Na5 Bg5 18. Nc6 Qf6 19. Qa3 Bxe3 20.
fxe3 Qg5 21. Qxd6 Qxe3+ 22. Rf2 Qc5 23. Ne7+ Kg7 24. Nxc8 Qxc8 25. Bxa6 Qd8
26. Raf1 f6 27. Bb5 Nb6 28. Qe6 Nc8 29. Bd7 Nb6 30. Bc6 Rc8 31. b4 Nc4 32.
b5 Nd6 33. Re1 Rc7 34. Ra2 Re7 35. Qh3 f5 36. exf5 Nxf5 37. Kh1 Qb6 38. Qc3
Nd4 39. d6 Ref7 40. Raa1 h5 41. Qe3 Qc5 42. d7 Kh7 43. h3 Rf5 44. Rad1 Qd6
45. Qe4 Kh6 1/2-1/2

[Event "ch-CUB"]
[Site "Holguin City CUB"]
[Date "2002.04.18"]
[Round "16"]
[White "Perez,Rod"]
[Black "Alvarez,Jose"]
[Result "1/2-1/2"]
[WhiteElo "2429"]
[BlackElo "2403"]
[EventDate "2002.03.31"]

1. d4 d5 2. Nf3 Nf6 3. c4 e6 4. Nc3 Be7 5. cxd5 exd5 6. Bg5 c6 7. e3 Nbd7
8. Bd3 O-O 9. Qc2 Re8 10. O-O Nf8 11. h3 1/2-1/2

[Event "ch-CUB"]
[Site "Holguin City CUB"]
[Date "2002.04.18"]
[Round "16"]
[White "Borges Mateos,J"]
[Black "Quezada,Y"]
[Result "1/2-1/2"]
[WhiteElo "2438"]
[BlackElo "2411"]
[EventDate "2002.03.31"]

1. Nf3 Nf6 2. c4 e6 3. Nc3 b6 4. g3 Bb7 5. Bg2 c5 6. O-O Be7 7. b3 O-O 8.
d4 cxd4 9. Qxd4 d6 10. Rd1 Nc6 1/2-1/2

[Event "ch-CUB"]
[Site "Holguin City CUB"]
[Date "2002.04.18"]
[Round "16"]
[White "Dominguez,L"]
[Black "Abreu,A"]
[Result "1-0"]
[WhiteElo "2594"]
[BlackElo "2480"]
[EventDate "2002.03.31"]

1. e4 c5 2. Nf3 a6 3. c4 Nc6 4. d4 cxd4 5. Nxd4 Nf6 6. Nc3 Qc7 7. Be2 e6 8.
O-O Bd6 9. Kh1 Be5 10. Be3 Bf4 11. Bxf4 Qxf4 12. Nxc6 bxc6 13. Qd4 O-O 14.
Rad1 e5 15. Qd6 Nxe4 16. Nxe4 Qxe4 17. Bd3 Qh4 18. Qxe5 d5 19. cxd5 cxd5
20. Qxd5 Rb8 21. Qe5 Bb7 22. f3 g6 23. b3 Rfe8 24. Qc7 Rec8 25. Qa5 Qe7 26.
Bc4 Rc5 27. Qc3 Rh5 28. Qd4 Rf8 29. Rfe1 Qa3 30. Qb6 Bc8 31. Rd8 Qa5 32.
Qxa5 Rxa5 33. Ree8 1-0

[Event "ch-CUB"]
[Site "Holguin City CUB"]
[Date "2002.04.18"]
[Round "16"]
[White "Nogueiras,J"]
[Black "Almeida,O"]
[Result "1-0"]
[WhiteElo "2521"]
[BlackElo "2473"]
[EventDate "2002.03.31"]

1. c4 Nf6 2. Nc3 g6 3. g3 Bg7 4. Bg2 O-O 5. d4 d6 6. e3 e5 7. Nge2 c6 8.
O-O Qe7 9. h3 h5 10. e4 h4 11. g4 Nh7 12. f4 exf4 13. Nxf4 Nd7 14. Be3 Re8
15. Qd2 a6 16. a4 Ndf8 17. Qf2 Be6 18. b3 Rad8 19. Rae1 Bc8 20. Kh1 Ne6 21.
Nd3 Qf8 22. Rc1 c5 23. dxc5 dxc5 24. Nd5 Nd4 25. b4 b6 26. Rcd1 Be6 27.
Nxb6 cxb4 28. Nd5 Nb3 29. Rb1 Bxd5 30. cxd5 Nf6 31. Bg5 Rd6 32. e5 Nh7 33.
Bf4 Rdd8 34. Rxb3 a5 35. d6 g5 36. Bh2 1-0

[Event "ch-CUB"]
[Site "Holguin City CUB"]
[Date "2002.04.20"]
[Round "17"]
[White "Almeida,O"]
[Black "Bruzon,L"]
[Result "0-1"]
[WhiteElo "2473"]
[BlackElo "2569"]
[EventDate "2002.03.31"]

1. d4 d5 2. c4 c6 3. Nf3 e6 4. Nc3 Nf6 5. Bg5 h6 6. Bh4 Be7 7. e3 O-O 8.
Bd3 dxc4 9. Bxc4 Nbd7 10. O-O a6 11. a4 c5 12. a5 cxd4 13. exd4 b5 14. axb6
Nxb6 15. Bb3 Bb7 16. Ne5 Nfd7 17. Bxe7 Qxe7 18. Qe2 Rfd8 19. Rad1 Rac8 20.
Rd3 Nxe5 21. Qxe5 Nd7 22. Qe2 Qb4 23. Ba2 a5 24. d5 Ba6 25. dxe6 Bxd3 26.
Qxd3 fxe6 27. Bxe6+ Kh8 28. Qh3 Qxb2 29. Ne4 Rc1 30. Qd3 Rxf1+ 31. Kxf1
Qa1+ 32. Ke2 Qe5 33. Bxd7 Qe7 34. Qd5 Qxd7 0-1

[Event "ch-CUB"]
[Site "Holguin City CUB"]
[Date "2002.04.20"]
[Round "17"]
[White "Gonzalez,Y"]
[Black "Dominguez,L"]
[Result "1/2-1/2"]
[WhiteElo "2444"]
[BlackElo "2594"]
[EventDate "2002.03.31"]

1. e4 c5 2. Nf3 d6 3. d4 cxd4 4. Nxd4 Nf6 5. Nc3 a6 6. Be3 Ng4 7. Bc1 Nf6
8. Be3 e6 9. f3 Nc6 10. Qd2 Be7 11. O-O-O O-O 12. g4 Nxd4 13. Bxd4 b5 14.
h4 Nd7 15. g5 Bb7 16. Kb1 Rc8 17. g6 fxg6 18. Bh3 1/2-1/2

[Event "ch-CUB"]
[Site "Holguin City CUB"]
[Date "2002.04.20"]
[Round "17"]
[White "Quezada,Y"]
[Black "Arencibia,W"]
[Result "1/2-1/2"]
[WhiteElo "2411"]
[BlackElo "2542"]
[EventDate "2002.03.31"]

1. e4 c6 2. d4 d5 3. Nc3 dxe4 4. Nxe4 Nd7 5. Nf3 Ngf6 6. Nxf6+ Nxf6 7. Bd3
Bg4 8. c3 e6 9. O-O Be7 10. h3 Bxf3 11. Qxf3 O-O 12. Re1 Qd5 13. Qxd5 Nxd5
1/2-1/2

[Event "ch-CUB"]
[Site "Holguin City CUB"]
[Date "2002.04.20"]
[Round "17"]
[White "Gomez,Fe"]
[Black "Perez,Rod"]
[Result "1/2-1/2"]
[WhiteElo "2406"]
[BlackElo "2429"]
[EventDate "2002.03.31"]

1. d4 d5 2. Nf3 Nf6 3. c4 c6 4. e3 Bg4 5. cxd5 cxd5 6. Qb3 Bxf3 7. gxf3 Qb6
8. Qxb6 axb6 9. Nc3 Nc6 10. Bb5 e6 1/2-1/2